000
00264nam a2200097Ia 4500
001
1002918
005
20250826230439.0
008
250824s9999 xx 000 0 und d
245
0
_a
OLYMPOSUN YARATIKLARI HAYVAN BAKICISI
_c
LUCY COATS
260
_b
HEP KİTAP YAYINLARI
999
_c
1002918
_d
1002918